| 000 | 00768cam a2200157 4500500 | ||
|---|---|---|---|
| 005 | 20260208001413.0 | ||
| 041 | _afre | ||
| 042 | _adc | ||
| 100 | 1 | 0 |
_aSchumacher, Julio _eauthor |
| 245 | 0 | 0 | _aJean Daniélou Incorporated Frictions, résidus et affects de la mondialisation. Premier Parallèle, « Carnets parallèles », 2025, 120 pages, 9 €. |
| 260 | _c2026. | ||
| 500 | _a76 | ||
| 520 | _aEva Jospin nous convie à un voyage vers l’universel dans l’art : l’exploration fascinante de ses grottes présentées au Grand Palais invite à la recherche des convergences humaines. | ||
| 786 | 0 | _nÉtudes | 4334 | 2 | 2026-01-26 | p. 135-136 | 0014-1941 | |
| 856 | 4 | 1 | _uhttps://shs.cairn.info/revue-etudes-2026-2-page-135?lang=fr&redirect-ssocas=7080 |
| 999 |
_c1644849 _d1644849 |
||